000 00855nam0a22002411 4500
001 rc\2582247
005 20250623120401.0
035 _a(NLR Aleph) 006746703
090 _a5701520
_c5701520
100 _a20110914d1928 |||y0rusy50 ca
101 0 _arus
102 _aRU
105 _ay z |||||
200 1 _a"Беглое" в Супрасльской рукописи
210 _aБ. м.
_cБ. и.
_d[1928]
300 _aВырез. из: Сборник статей в честь академика Алексея Ивановича Соболевского. Л., 1928. Стр. 418-422
700 1 _7ca
_8rus
_aОбнорский
_bС. П.
_f1888-1962
_gСергей Петрович
_9189340
_3RU\NLR\AUTH\770189391
801 0 _aRU
_bNLR
_gpsbo
801 1 _aRU
_bELAR
_2rusmarc
852 _aNLR
_j116/818
942 _cBOOK
980 _aNB